000 00580nam a2200241 a 4500
001 nice12345678
003 IN_TiNIC
005 20260116011402.0
008 050524s0000 lala grp 000 0 per
020 _a
_c100
082 0 0 _a170
_bHUS
100 _aHussaini, Sadiq Khan
245 _aRahnuma-E-Tarbiyat-E-Jawanan
260 _aLalazar, Tehran, Ira
_bMeher Press
_c0000
300 _a148p
500 _aincludes index and biblioraphy
505 2 _aIndex
650 _aEthics
700 1 _aHussaini, Sadiq Khan
902 _bSRS
942 _cBK
999 _c1073
_d1073